[Event "EYCC Open U18 2018"]
[Site "Riga"]
[Date "2018.08.26"]
[Round "6"]
[White "Stauskas, Lukas"]
[Black "Erenberg, Ariel"]
[Result "1-0"]
[WhiteElo "2256"]
[BlackElo "2399"]
[Annotator "NA"]
[PlyCount "143"]
[EventDate "2018.08.20"]
[EventType "swiss"]
[EventCountry "LAT"]
[SourceTitle "playchess.com"]
[Source "ChessBase"]
[SourceQuality "1"]
[TimeControl "40/5400+30:1800+30"]

1. d4 {[%emt 0:00:00]} Nf6 {[%emt 0:00:00]} 2. c4 {[%emt 0:00:00]} e6 {[%emt 0:00:00]} 3. Nc3 {[%emt 0:00:00]} Bb4 {[%emt 0:00:00]} 4. Qc2 {[%emt 0:00:04]} O-O {[%emt 0:00:00]} 5. Nf3 {[%emt 0:00:09]} d5 {[%emt 0:00:24]} 6. cxd5 {[%emt 0:00:58]} exd5 {[%emt 0:00:31]} 7. Bg5 {[%emt 0:01:33]} h6 {[%emt 0:00:02]} 8. Bh4 {[%emt 0:01:22]} c5 {[%emt 0:00:50]} 9. dxc5 {[%emt 0:05:42]} Nbd7 {[%emt 0:00:54]} 10. e3 {[%emt 0:01:08]} Nxc5 {[%emt 0:00:29]} 11. a3 {[%emt 0:17:15]} Bxc3+ {[%emt 0:01:33]} 12. Qxc3 {[%emt 0:00:05]} Nce4 {[%emt 0:01:28]} 13. Qd4 {[%emt 0:04:26]} Bg4 {[%emt 0:06:43]} 14. Be2 {[%emt 0:02:34]} Qa5+ {[%emt 0:07:26]} 15. b4 {[%emt 0:00:54]} Qb6 {[%emt 0:02:08]} 16. Qxb6 {[%emt 0:15:43]} axb6 {[%emt 0:00:03]} 17. h3 {[%emt 0:00:44]} Bd7 $14 {[%emt 0:06:11]} 18. Bxf6 {[%emt 0:02:59]} Nxf6 {[%emt 0:00:25]} 19. Ne5 {[%emt 0:01:37]} Be6 {[%emt 0:04:56]} 20. f3 {[%emt 0:02:28]} Rfc8 {[%emt 0:03:40]} 21. Kd2 {[%emt 0:01:39]} Ne8 {[%emt 0:02:05]} 22. Rhc1 {[%emt 0:01:15]} Rxc1 {[%emt 0:01:53]} 23. Kxc1 {[%emt 0:00:13]} Nd6 {[%emt 0:00:35]} 24. Kd2 {[%emt 0:06:26]} g5 {[%emt 0:02:01]} 25. Bd3 {[%emt 0:02:34]} Kg7 {[%emt 0:08:22]} 26. f4 {[%emt 0:01:52]} d4 {[%emt 0:03:40]} 27. fxg5 {[%emt 0:01:24]} dxe3+ {[%emt 0:00:12]} 28. Kxe3 {[%emt 0:00:05]} hxg5 {[%emt 0:00:04]} 29. Nf3 {[%emt 0:01:28]} Kf6 {[%emt 0:00:49]} 30. h4 {[%emt 0:06:30]} gxh4 {[%emt 0:06:16]} 31. Nxh4 {[%emt 0:00:06]} Bd5 {[%emt 0:03:52]} 32. Kf4 {[%emt 0:00:49]} Rc8 {[%emt 0:04:18]} 33. g4 {[%emt 0:01:42]} Rc3 {[%emt 0:01:48]} 34. g5+ {[%emt 0:00:58]} Ke6 {[%emt 0:01:35]} 35. Be2 {[%emt 0:05:42]} Kd7 {[%emt 0:03:47]} 36. Nf5 {[%emt 0:03:12]} Nxf5 {[%emt 0:05:52]} 37. Kxf5 {[%emt 0:00:12]} Ke7 {[%emt 0:00:22]} 38. Kf4 {[%emt 0:01:11]} Rc2 {[%emt 0:02:38]} 39. Rd1 {[%emt 0:02:07]} Bc6 {[%emt 0:01:17]} 40. Re1 {[%emt 0:00:00]} Kf8 {[%emt 0:00:00]} 41. Bh5 {[%emt 0:20:46]} Rc4+ {[%emt 0:06:29]} 42. Ke5 {[%emt 0:00:26]} Rh4 {[%emt 0:01:34]} 43. Bd1 {[%emt 0:00:25]} Kg7 {[%emt 0:00:54]} 44. Rf1 {[%emt 0:03:54]} Rh3 {[%emt 0:09:28]} 45. a4 {[%emt 0:01:07]} Rg3 {[%emt 0:00:36]} 46. Kf4 {[%emt 0:02:42]} Ra3 {[%emt 0:02:27]} 47. b5 {[%emt 0:00:15]} Bd7 {[%emt 0:00:58]} 48. Rf3 {[%emt 0:01:46]} Ra1 {[%emt 0:00:43]} 49. Bb3 {[%emt 0:00:29]} Be6 {[%emt 0:08:34]} 50. Bxe6 {[%emt 0:01:02]} Rxa4+ {[%emt 0:00:25]} 51. Ke5 {[%emt 0:00:05]} fxe6 {[%emt 0:00:05]} 52. Kxe6 {[%emt 0:00:15]} Kg6 {[%emt 0:00:35]} 53. Rf5 {[%emt 0:00:32]} Rc4 {[%emt 0:05:00]} 54. Rd5 {[%emt 0:00:19]} Rc5 {[%emt 0:00:54]} 55. Kd6 {[%emt 0:00:14]} Rc1 {[%emt 0:01:36]} 56. Kd7 {[%emt 0:00:04]} Rc5 {[%emt 0:03:11]} 57. Rd6+ {[%emt 0:00:22]} Kxg5 {[%emt 0:00:03]} 58. Rxb6 {[%emt 0:00:07]} Rf5 {[%emt 0:02:55]} 59. Rxb7 {[%emt 0:00:17]} Rf7+ {[%emt 0:00:04]} 60. Kc6 {[%emt 0:00:18]} Rf6+ {[%emt 0:00:10]} 61. Kc5 {[%emt 0:00:56]} Rf5+ {[%emt 0:00:54]} 62. Kb6 {[%emt 0:01:02]} Kf6 {[%emt 0:00:05]} 63. Rc7 {[%emt 0:00:11]} Ke6 {[%emt 0:00:06]} 64. Rc1 {[%emt 0:00:24]} Kd7 {[%emt 0:00:19]} 65. Ka6 {[%emt 0:00:40]} Rf2 {[%emt 0:00:17]} 66. b6 {[%emt 0:00:08]} Ra2+ {[%emt 0:00:38]} 67. Kb7 {[%emt 0:00:06]} Rb2 {[%emt 0:00:10]} 68. Ka7 {[%emt 0:00:07]} Ra2+ {[%emt 0:00:05]} 69. Kb8 {[%emt 0:00:06]} Rb2 {[%emt 0:00:09]} 70. b7 {[%emt 0:00:05]} Rb3 {[%emt 0:00:52]} 71. Rd1+ {[%emt 0:00:08]} Kc6 {[%emt 0:00:27]} 72. Kc8 {[%emt 0:00:35] Kd5} 1-0

[Event "EYCC Open U18 2018"]
[Site "Riga"]
[Date "2018.08.27"]
[Round "7"]
[White "Nguyen, Thai Dai Van"]
[Black "Macovei, Andrei"]
[Result "1/2-1/2"]
[WhiteElo "2548"]
[BlackElo "2394"]
[Annotator "TA"]
[PlyCount "131"]
[EventDate "2018.08.20"]
[EventType "swiss"]
[EventCountry "LAT"]
[SourceTitle "playchess.com"]
[Source "ChessBase"]
[SourceQuality "1"]

{[%evp 22,131,0,0,0,0,0,0,11,11,11,11,11,11,11,11,11,11,11,11,11,11,11,11,11,11,11,11,14,10,16,22,30,28,25,30,33,22,37,1,30,0,0,0,0,0,14,0,4,4,4,6,34,35,93,110,100,94,78,53,83,87,159,153,158,158,287,277,466,489,616,533,431,431,496,56,56,56,56,64,68,0,0,0,0,0,0,0,0,0,0,0,0,0,0,0,0,0,0,0,0,0,0,0,0,0,0,0,0,0,0,0]} 1. e4 c6 2. d4 d5 3. e5 Bf5 4. Nf3 e6 5. Be2 Ne7 6. O-O c5 7. c4 Nbc6 8. Na3 {B12: Caro-Kann: Advance Variation} (8. dxc5 dxc4 9. Na3 Nd5 10. Nxc4 Bxc5 11. Bg5 Qd7 12. a3 O-O 13. b4 Bb6 14. Rc1 h6 15. Be3 Rfd8 16. Bxb6 Nxb6 17. Qxd7 Rxd7 {1-0 (67) Vachier Lagrave,M (2779)-Mamedyarov,S (2801) Saint Louis 2018}) 8... a6 9. dxc5 d4 10. Qa4 Ng6 11. Rd1 Bxc5 12. b4 $1 {[%cal Rb4c5] LiveBook: 6 Games} Ba7 $1 13. c5 O-O 14. Nc4 {[%cal Ba3c4,Bc4e3,Be3f5,Bf5d6][%mdl 32]} d3 15. Bg5 Qd5 16. Ne3 $146 Qe4 17. Bxd3 Qxb4 18. Qxb4 Nxb4 19. Bxf5 exf5 20. h4 Rfe8 21. Nxf5 {Threatening Nd6.} h6 22. Bd2 {[%cal Bg5d2,Bd2c3,Bc3b2][%mdl 32]} Bxc5 23. Nd6 Re7 24. Ne4 b6 25. Bc3 Nf4 26. Kf1 Ne6 27. Rd6 Nc2 28. Rc1 Na3 $1 29. Bb2 Nb5 30. Rd3 a5 31. a4 Nbc7 32. Nfd2 Bb4 33. Nc4 b5 34. axb5 Nxb5 35. Nb6 $36 {[%mdl 2048] White has the initiative.} Rb8 36. Nd5 Ree8 37. f4 {[%cal Bf2f4,Bf4f5][%mdl 32]} Rbc8 (37... f5 $14 38. Ng3 Bc5) 38. Rxc8 $16 Rxc8 39. f5 Nc5 40. Nxc5 Bxc5 {[#]} 41. f6 $1 Nc7 ({Black should try} 41... Rb8) 42. Nxc7 Rxc7 {[%mdl 4096] Endgame [#] KRB-KRB} 43. e6 $1 {[%mdl 512]} gxf6 (43... fxe6 $16 {was called for.} 44. Rd8+ Bf8) 44. Rd7 $18 Rxd7 $2 (44... Rc8 45. e7 (45. exf7+ Kg7 $15) (45. Rxf7 a4 $14) 45... Bxe7) 45. exd7 {KB-KB} Be7 {[#]} 46. h5 $1 f5 47. Ke2 f6 48. Bc1 $2 ({White should play} 48. Bd4 $18) 48... Kf7 $14 49. Bxh6 Ke6 $1 50. Bg7 $1 Kf7 51. Bh6 (51. h6 $14) 51... Ke6 $1 $11 {The position is equal.} 52. Bd2 Kxd7 53. Bxa5 Ke6 54. Bc7 Kf7 55. Bf4 Kg7 56. Kd3 Kh7 57. Kd4 {Black must now prevent Kd5.} Bf8 58. Kd5 {And now Ke6 would win.} Bh6 59. Bd6 Bg5 60. Bf8 {Ke6 is the strong threat.} Bh6 61. Be7 {Strongly threatening Ke6.} Bc1 62. Ke6 Kh6 63. Kxf5 {Threatens to win with g4.} Kxh5 64. Bxf6 Kh6 65. g4 Kh7 66. Ke4 {Precision: White = 80%, Black = 61%.} 1/2-1/2

[Event "EYCC Open U18 2018"]
[Site "Riga"]
[Date "2018.08.27"]
[Round "7"]
[White "Kevlishvili, Robby"]
[Black "Ioannidis, Evgenios"]
[Result "1/2-1/2"]
[WhiteElo "2497"]
[BlackElo "2343"]
[Annotator "TA"]
[PlyCount "72"]
[EventDate "2018.08.20"]
[EventType "swiss"]
[EventCountry "LAT"]
[SourceTitle "playchess.com"]
[Source "ChessBase"]
[SourceQuality "1"]

{[%evp 24,72,49,7,25,21,21,8,10,8,8,0,11,8,11,8,8,8,8,8,16,21,8,8,8,13,39,39,41,39,63,58,91,41,41,42,33,0,11,14,22,23,27,18,5,0,0,0,57,0,10]} 1. e4 e5 2. Nf3 Nc6 3. Bb5 a6 4. Ba4 Nf6 5. O-O Nxe4 6. d4 Be7 7. Re1 b5 8. Bb3 d5 9. dxe5 Be6 10. c3 O-O 11. Be3 {C83: Open Ruy Lopez: 9 c3 Be7} (11. Nbd2 Nxd2 12. Qxd2 Qd7 13. Qd3 Rad8 14. Bc2 g6 15. Bh6 Rfe8 16. Rad1 d4 17. Nxd4 Nxd4 18. Qxd4 Qxd4 19. Rxd4 Rxd4 20. cxd4 {½-½ (50) Carlsen,M (2843)-Mamedyarov,S (2808) Stavanger 2018}) 11... Qd7 12. Nbd2 Rad8 13. h3 {[#] LiveBook: 5 Games. White is slightly better.} b4 $146 ({Predecessor:} 13... Bf5 14. Bc2 Bg6 15. Nb3 Rfe8 16. Bd4 a5 17. a4 bxa4 18. Nc1 Nxd4 19. cxd4 a3 20. bxa3 {½-½ (71) Felgaer,R (2509)-Sorin,A (2512) Pinamar 2002}) 14. cxb4 Nxb4 15. Ba4 Qc8 $1 16. Nb3 c5 {[%cal Bc7c5,Bc5c4][%mdl 32]} 17. a3 $1 {[%cal Ra3b4]} Nc6 18. Rc1 {[%cal Rb3c5]} c4 $1 19. Nbd4 Nxd4 20. Nxd4 Bd7 21. Bc2 Qb8 22. e6 fxe6 23. Bxe4 $1 dxe4 24. Qc2 Kh8 25. Qxc4 Qxb2 26. Nxe6 Bxe6 27. Qxe6 Bh4 {[%cal Rh4f2]} 28. g3 ({But not} 28. Qxe4 Bxf2+ 29. Bxf2 Rxf2 $11) 28... Bg5 29. Rb1 Qc2 30. Rbc1 Qb2 {[#] ( -> ...Bxe3)} 31. Qxe4 {Black must now prevent Rb1.} Bxe3 32. Qxe3 Rde8 33. Qc5 Rc8 $1 $132 {[%cal Rc8c5][%mdl 2048] Black puts up resistance} 34. Qe3 Rce8 $1 {[%cal Re8e3]} 35. Qc5 (35. Qf4 $11) 35... Rc8 $1 $14 {[%cal Rc8c5]} 36. Qe3 Rce8 $1 {Precision: White = 64%, Black = 78%.} 1/2-1/2

[Event "EYCC Open U18 2018"]
[Site "Riga"]
[Date "2018.08.27"]
[Round "7"]
[White "Mesaros, Florian"]
[Black "Ozen, Bahadir"]
[Result "1/2-1/2"]
[WhiteElo "2422"]
[BlackElo "2302"]
[Annotator "TA"]
[PlyCount "76"]
[EventDate "2018.08.20"]
[EventType "swiss"]
[EventCountry "LAT"]
[SourceTitle "playchess.com"]
[Source "ChessBase"]
[SourceQuality "1"]

{[%evp 26,76,115,26,28,18,34,-2,49,45,57,49,48,48,50,50,50,50,50,50,50,50,56,52,56,57,37,14,9,9,14,3,31,0,0,-3,0,-24,-29,-31,-38,-54,-51,-129,-129,-125,-114,-127,-111,-105,-54,-71,-66]} 1. d4 d5 2. c4 e6 3. Nc3 Nf6 4. cxd5 exd5 5. Bg5 Be7 6. e3 O-O 7. Bd3 c6 8. Qc2 Nbd7 {[%cal Bb8d7,Bd7f8,Bf8g6][%mdl 32]} 9. Nge2 {[%cal Bg1e2,Be2g3,Bg3f5][%mdl 32]} Re8 10. O-O Nf8 11. f3 {[%cal Bf2f3,Bf3f4][%mdl 32]} Be6 12. Rae1 Ng6 {D36: Queen's Gambit Declined: Exchange Variation: Main line (5 Bg5 c6 6 Qc2)} (12... Rc8 13. Kh1 N6d7 14. Bxe7 Qxe7 15. Nf4 Qd6 16. Qf2 f6 17. Nxe6 Nxe6 18. f4 Ndf8 19. e4 dxe4 20. Nxe4 {½-½ (38) Carlsen,M (2770)-Ivanchuk,V (2746) Leon 2009 CBM 130 Extra [CB]}) 13. Ng3 Rc8 {[#]} 14. Kh1 {LiveBook: 3 Games} ({White should try} 14. f4 $1 $16) 14... c5 $11 {White has an edge.} 15. f4 Bd7 $146 ({Predecessor:} 15... cxd4 16. exd4 Bd7 17. Qb3 Qb6 18. Qxb6 axb6 19. Bf5 Bxf5 20. Nxf5 {1-0 (34) Van Vliet,D (2103)-Zemlicka,V (1954) Brno 2011}) 16. Nf5 Bf8 (16... c4 $11 17. Be2 Bb4) 17. Bxf6 Qxf6 18. Nxd5 Qc6 19. Nc3 $1 {Threatens to win with Bb5.} c4 20. Be2 $1 ({Reject} 20. d5 Qf6 $15) 20... Bxf5 21. Qxf5 Rxe3 22. Bf3 Rxe1 23. Rxe1 Re8 {[%cal Re8e1]} 24. Re5 Qc8 25. Qxc8 Rxc8 26. Rf5 Rc7 27. g3 Ne7 28. Re5 a6 29. a4 g6 30. d5 {d6 is the strong threat.} Nc8 31. Ne4 Kg7 32. Re8 b5 33. axb5 axb5 34. Nc3 {[#]} (34. Bg4 $15 Nd6 35. Nxd6 Bxd6 36. Rd8) 34... b4 $1 $17 35. Nb5 Rc5 {Hoping for ...c3.} 36. Nd4 c3 37. bxc3 bxc3 (37... Rxc3 $17 {aiming for ...b3.} 38. f5 b3 39. f6+ Kxf6 40. Nxb3 Rxf3 41. Rxc8 Rxb3 42. Rxf8 Rd3) 38. Re2 Nb6 {Precision: White = 41%, Black = 71%.} 1/2-1/2

[Event "EYCC Open U18 2018"]
[Site "Riga"]
[Date "2018.08.27"]
[Round "7"]
[White "Gadimbayli, Abdulla"]
[Black "Sousa, Andre Ventura"]
[Result "1-0"]
[WhiteElo "2413"]
[BlackElo "2376"]
[Annotator "TA"]
[PlyCount "41"]
[EventDate "2018.08.20"]
[EventType "swiss"]
[EventCountry "LAT"]
[SourceTitle "playchess.com"]
[Source "ChessBase"]
[SourceQuality "1"]

{[%evp 25,41,32,32,31,43,56,341,356,342,252,245,248,233,241,331,343,335,342]} 1. e4 e5 2. Nf3 Nc6 3. Nc3 Nf6 4. d4 exd4 5. Nxd4 Bb4 6. Nxc6 bxc6 7. Bd3 d5 8. exd5 cxd5 9. Qe2+ Qe7 10. Qxe7+ Kxe7 11. O-O c6 12. Na4 {[%cal Bc3a4,Ba4c5,Bc5a6,Ba6c7][%mdl 32] C47: Scotch Four Knights and Four Knights with 4 g3} (12. Ne2 Be6 13. Nd4 Kd7 14. h3 Rhe8 15. Be3 Bd6 16. Rfd1 Reb8 17. b3 c5 18. Nxe6 fxe6 19. Re1 h6 {½-½ (43) Mastrovasilis,D (2602)-Socko,B (2621) Gorzow Wielkopolski 2014}) 12... Be6 13. Be3 Nd7 {LiveBook: 3 Games} 14. Rac1 {White is slightly better.} Nb6 $146 ({Predecessor:} 14... g6 15. f4 c5 16. a3 Ba5 17. Nxc5 Bb6 18. b4 Rac8 19. Rb1 Kd6 20. Nb7+ Kc7 21. Nc5 Kd6 22. Nb7+ Kc7 23. Nc5 Kd6 {½-½ (23) Godena,M (2515)-Obukhov,A (2475) Moscow 2004}) 15. Nc5 Kd6 $2 {[%mdl 8192] [#]} ({Black should try} 15... Nc4 $14) 16. Na6 $1 $18 c5 17. a3 c4 18. axb4 ({Resist} 18. Nxb4 cxd3 19. Nxd3 Rac8) 18... cxd3 19. cxd3 Rhc8 {[#]} 20. Nc7 $1 {[%mdl 512]} Rab8 (20... Rxc7 21. Bf4+) 21. Bf4+ 1-0

[Event "EYCC Open U18 2018"]
[Site "Riga"]
[Date "2018.08.27"]
[Round "7"]
[White "Vykouk, Jan"]
[Black "Stauskas, Lukas"]
[Result "1-0"]
[WhiteElo "2413"]
[BlackElo "2256"]
[Annotator "TA"]
[PlyCount "97"]
[EventDate "2018.08.20"]
[EventType "swiss"]
[EventCountry "LAT"]
[SourceTitle "playchess.com"]
[Source "ChessBase"]
[SourceQuality "1"]

{[%evp 21,97,56,67,-32,-40,-33,-28,-25,-44,-40,-29,-63,-71,-105,-107,-94,-32,-28,-17,-30,0,-77,-76,-79,-31,-23,-10,-11,-11,-11,-8,-16,-6,-10,-17,-31,-13,-19,-15,-20,-8,-16,-12,-34,-27,-30,0,0,0,0,0,0,0,0,7,7,7,7,7,7,7,7,29,34,112,105,156,153,204,189,190,186,239,232,392,387,358,348]} 1. e4 c5 2. Nf3 Nc6 3. Bb5 g6 4. O-O Bg7 5. Re1 d6 6. c3 Bd7 7. d4 a6 {B51: Sicilian: Moscow Variation (3 Bb5+) without 3...Bd7} (7... cxd4 8. cxd4 Nf6 9. Nc3 O-O 10. h3 a6 11. Bf1 Rc8 12. Bf4 Qb6 13. Qd2 Rfd8 14. Be3 Na5 15. Rac1 e6 16. Bg5 Bb5 17. Qf4 Nh5 18. Bxd8 Rxd8 19. Qe3 Bxf1 20. Rxf1 {1-0 (93) Xu,Y (2485)-Gunina,V (2437) Sochi 2009}) 8. Bxc6 Bxc6 9. d5 Bd7 10. e5 dxe5 11. Nxe5 Nf6 {LiveBook: 4 Games} 12. d6 (12. c4 $14) 12... Be6 $15 13. Qa4+ $146 ({Predecessor:} 13. Bg5 Qxd6 14. Qxd6 exd6 15. Nc4 Rd8 {0-1 (48) Boos,P (2014)-Justen,D (2000) Woerrstadt 1999}) 13... b5 14. dxe7 Qxe7 15. Qh4 Nd5 16. Qxe7+ Kxe7 17. Na3 Rhc8 18. Bd2 b4 (18... Kf8 $17) 19. Nac4 Rab8 20. cxb4 Nxb4 {[#] aiming for ...Nc2.} 21. Bxb4 (21. Rad1 $11) 21... cxb4 $17 22. b3 Rc5 (22... Kf8 {is more complex.} 23. Rad1 Bxe5 24. Nxe5 Rc2 25. Ra1 a5) 23. Rad1 {Black must now prevent Nd7.} Rd8 (23... Bxe5 {with more complications.} 24. Nxe5 Rc2 25. Kf1 a5 26. Re2 Rbc8) 24. Rxd8 $1 Kxd8 25. Nd3 Rb5 26. Ne3 Bc3 27. Re2 g5 28. h4 h6 29. hxg5 hxg5 30. Kf1 a5 31. Nb2 Ke7 32. Na4 Be5 33. Rc2 f5 34. Nc5 Bd4 35. Nxe6 Kxe6 $11 {[%mdl 4096] Endgame KRB-KRN} 36. Nc4 Bc3 37. Ke2 Rd5 38. a4 g4 39. f3 gxf3+ 40. gxf3 f4 41. Rc1 Rh5 42. Rd1 Rh2+ ({Black should play} 42... Be5 $1 $14) 43. Kd3 $16 Kd5 (43... Kf5 $142) 44. Rg1 (44. Nxa5 Rb2 $11) 44... Rf2 (44... Bf6 $16 {might work better.}) 45. Rg5+ $18 Ke6 46. Ke4 (46. Nxa5 Rxf3+ 47. Ke4 Rf1 $11) 46... Re2+ (46... Rf1 $142 47. Rg6+ (47. Kxf4 Rb1 $16) (47. Rxa5 Rb1 $18) 47... Bf6 48. Nxa5 (48. Kxf4 Kf7 $18) 48... Rc1 49. Kxf4 Kf7) 47. Kxf4 Bd2+ $2 {[#]} (47... Re1 {was necessary.} 48. Rb5 Rc1 49. Nxa5 Rb1) 48. Nxd2 Rxd2 49. Rxa5 {Precision: White = 55%, Black = 38%.} 1-0

[Event "EYCC Open U18 2018"]
[Site "Riga"]
[Date "2018.08.27"]
[Round "7"]
[White "Nothnagel, Marian Can"]
[Black "Gaifullin, Artur"]
[Result "0-1"]
[WhiteElo "2338"]
[BlackElo "2461"]
[Annotator "TA"]
[PlyCount "76"]
[EventDate "2018.08.20"]
[EventType "swiss"]
[EventCountry "LAT"]
[SourceTitle "playchess.com"]
[Source "ChessBase"]
[SourceQuality "1"]

{[%evp 13,76,16,16,8,0,-8,-25,0,0,0,-13,-32,15,-51,-32,-23,6,4,4,-15,-8,-11,-14,-18,-17,-42,-52,-85,-41,-43,-33,-47,-23,-14,0,-37,-30,-31,90,-56,-53,-60,-67,-75,-63,-55,-56,-61,-63,-54,-56,-62,-51,-87,-97,-185,-195,-653,-645,-664,-499,-2645,-2677,-1704,-1425]} 1. e4 c6 2. d4 d5 3. exd5 cxd5 4. c3 Nc6 5. Bd3 Qc7 6. Ne2 Bg4 7. O-O {B13: Caro-Kann: Exchange Variation and Panov-Botvinnik Attack} Nf6 {LiveBook: 15 Games} 8. f3 (8. Qe1 Bxe2 9. Qxe2 g6 10. f4 Bh6 11. Nd2 O-O 12. Qf2 e6 13. Qh4 Bg7 14. Nf3 Ne7 {1-0 (49) Piorun,K (2651)-Rodshtein,M (2699) Katowice 2017}) 8... Bd7 9. Bf4 {The position is equal.} e5 10. dxe5 Nxe5 11. Nd4 {aiming for Bxe5.} Bd6 12. Na3 a6 13. Re1 ({White should play} 13. Bf5 $11) 13... O-O 14. g3 $146 ({Predecessor:} 14. Bg3 Nh5 15. Bf5 Nxg3 16. hxg3 {½-½ (60) Berggren,J (2170)-Aperia,J (2094) Falun 2012}) 14... Nh5 15. Bxe5 Bxe5 16. f4 (16. Qd2 {is interesting.} Rae8 17. Nac2 g6 18. Qf2 Nf6 19. Nb4) 16... Bxd4+ $1 17. cxd4 Nf6 18. Nc2 Qb6 19. b3 Rac8 20. Ne3 Rc3 21. Qd2 Rfc8 22. Rad1 Kf8 23. Bb1 a5 24. Qg2 Re8 25. Qd2 Qc7 {[#]} (25... Rcc8 $15 {stays ahead.}) 26. Ng2 (26. Nc4 $1 $16 {[%mdl 512]} Rxc4 (26... dxc4 27. Qxc3) 27. bxc4) 26... Rc8 $15 {Strongly threatening ...Bg4.} 27. Ne3 ({Don't go for} 27. Qe2 $2 Bg4 $19) 27... b5 28. Qg2 Qd6 29. Nf5 Qb6 30. Qe2 Re8 $36 {[%mdl 2048] Black is more active.} 31. Qd2 b4 32. Rxe8+ Bxe8 {[%cal Bd7e8,Be8b5,Bb5d3,Bd3b1][%mdl 32]} 33. Re1 Bb5 34. Ne3 {[#]} (34. Kg2 $17) 34... Bd3 $1 $19 {[%mdl 512]} 35. Nf5 $2 (35. Bxd3 Qxd4 36. Rd1) 35... Ne4 {Black is clearly winning.} 36. Qg2 g6 37. Nh6 (37. Bxd3 $142 Rxd3 38. Qf1) 37... Qxd4+ 38. Kh1 Bxb1 {Precision: White = 36%, Black = 63%.} 0-1

[Event "EYCC Open U18 2018"]
[Site "Riga"]
[Date "2018.08.27"]
[Round "7"]
[White "Obgolts, Erik"]
[Black "Warmerdam, Max"]
[Result "1/2-1/2"]
[WhiteElo "2334"]
[BlackElo "2421"]
[Annotator "TA"]
[PlyCount "65"]
[EventDate "2018.08.20"]
[EventType "swiss"]
[EventCountry "LAT"]
[SourceTitle "playchess.com"]
[Source "ChessBase"]
[SourceQuality "1"]

{[%evp 15,65,0,0,-10,6,-15,0,-31,-10,-14,-12,-11,-12,-26,13,0,37,33,33,33,42,28,94,37,50,27,45,32,34,33,39,14,14,14,14,14,14,6,14,0,14,0,0,0,0,0,14,0,0,0,14,0]} 1. e4 c5 2. Nf3 d6 3. Bb5+ Bd7 4. Bxd7+ Qxd7 5. c4 Nf6 6. Nc3 g6 {B52: Sicilian: Moscow Variation with 3...Bd7} 7. O-O (7. d4 cxd4 8. Nxd4 Bg7 9. h3 Qc7 10. b3 Qa5 11. Bd2 Nxe4 12. Nxe4 Qe5 13. Qb1 f5 14. Bc3 Qxe4+ 15. Qxe4 fxe4 {1-0 (47) Malakhov,V (2691)-Timofeev,A (2579) Sochi 2018}) 7... Bg7 8. d3 O-O {LiveBook: 8 Games} 9. Bg5 h6 10. Be3 $146 ({Predecessor:} 10. Bf4 Nc6 11. Qd2 Kh7 12. h3 Nh5 13. Bh2 Nd4 14. Nxd4 cxd4 {0-1 (53) Sergienko,S (2379)-Kriebel,T (2351) Olomouc 2013}) 10... Ng4 11. Bf4 Ne5 12. Nxe5 dxe5 13. Be3 b6 14. a3 {[%cal Ba2a3,Ba3b4,Bb4b5][%mdl 32]} e6 15. b4 $36 {[%mdl 2048] White fights for an advantage.} cxb4 16. axb4 Nc6 17. b5 Nd4 $1 18. Ne2 f5 (18... Nxe2+ $11 {remains equal.} 19. Qxe2 Rfd8) 19. f3 (19. Bxd4 $1 $16 {Threatens to win with Bc3.} exd4 20. exf5) 19... f4 20. Bf2 g5 21. Nxd4 exd4 22. Ra2 e5 23. g4 h5 {The position is equal.} 24. h3 Rf6 25. Kg2 Rh6 26. Qb3 Qf7 27. Rh1 Bf8 28. Raa1 Bc5 29. Qa4 Kg7 30. Rag1 Rah8 31. Ra1 Ra8 32. Rag1 Rah8 33. Ra1 {Precision: White = 31%, Black = 41%.} 1/2-1/2

[Event "EYCC Open U18 2018"]
[Site "Riga"]
[Date "2018.08.27"]
[Round "7"]
[White "Iliaguev, Nisim"]
[Black "Plazuelo Pascual, Juan"]
[Result "1/2-1/2"]
[WhiteElo "2324"]
[BlackElo "2429"]
[Annotator "TA"]
[PlyCount "71"]
[EventDate "2018.08.20"]
[EventType "swiss"]
[EventCountry "LAT"]
[SourceTitle "playchess.com"]
[Source "ChessBase"]
[SourceQuality "1"]

{[%evp 10,71,34,2,27,11,48,14,30,25,27,18,21,0,22,0,0,0,0,16,8,0,0,-2,0,0,-12,-10,-13,-12,29,29,49,39,51,27,49,49,58,15,27,19,39,18,41,18,33,33,44,4,74,6,64,60,76,35,38,26,42,0,0,0,0,0]} 1. d4 Nf6 2. Nf3 b6 3. e3 Bb7 4. Bd3 g6 5. O-O Bg7 6. Nbd2 {LiveBook: 6 Games. A47: 1 d4 Nf6 2 Nf3 b6: Torre, London and Colle Systems} (6. c4 O-O 7. Nc3 d6 8. e4 Nbd7 9. h3 e5 10. Be3 exd4 11. Bxd4 Re8 12. Re1 Nc5 13. Bc2 a5 14. Qd2 Nfxe4 15. Bxe4 Bxe4 16. Bxg7 Kxg7 17. Nxe4 Rxe4 18. Rxe4 Nxe4 {0-1 (51) Halkias,S (2585)-Bortnyk,O (2581) Tallinn 2016}) 6... d5 7. c4 e6 $146 ({Predecessor:} 7... O-O 8. Qe2 c5 9. dxc5 bxc5 10. Nb3 Nbd7 11. cxd5 Nxd5 12. Ba6 Bxa6 13. Qxa6 {0-1 (32) Turover,I-Santasiere,A Ventnor City,NJ 1944}) 8. b3 {White is slightly better.} O-O 9. Ba3 Re8 $1 10. Rc1 Nbd7 11. Qe2 a6 12. Rc2 Ne4 13. Rfc1 c5 14. cxd5 exd5 15. Bb2 Qe7 16. dxc5 bxc5 17. Bxg7 Kxg7 18. Bxe4 dxe4 19. Ne1 Rac8 20. Nc4 Rc7 21. Qd2 Nf6 22. Qd6 Kf8 23. Qxe7+ Kxe7 24. Na5 Nd7 25. Rd2 Rec8 26. Nc4 Nf8 27. Rcd1 Bc6 28. Nc2 Ra8 29. h3 f6 (29... a5 $11 {remains equal.}) 30. Kh2 ({Better is} 30. N2a3 $16) 30... Rb8 (30... a5 $11) 31. N2a3 $14 Bb5 32. Kg1 Rd7 33. Rxd7+ ({Reject} 33. Nxb5 axb5 34. Na3 f5 $17) 33... Nxd7 34. f3 exf3 35. gxf3 Nb6 36. Nxb6 {Precision: White = 42%, Black = 35%.} 1/2-1/2